| 000 | 00314 a2200121 4500 | ||
|---|---|---|---|
| 090 |
_c5852 _d5852 |
||
| 100 | _aSeyyed Hossein Nasr | ||
| 245 |
_aThree Muslim Sages _bAvicenna Suhrawadi Ibn Arabi |
||
| 260 |
_aLahore _bSuhali Academy _c1999 |
||
| 300 | _a185 p. | ||
| 500 | _aHardcover | ||
| 942 |
_aNBS _cBK _k297.6 NAS |
||
| 999 |
_c348249 _d348249 |
||